Κατάλογος Βιβλιοθηκών Mediterranean College

Το Δικαίωμα στην Τροφή: Παγκόσμια Επισιτιστική Κρίση και Περιβάλλον / Με τη Συμβολή του (Record no. 9469)

MARC details
000 -LEADER
fixed length control field 01876cam a22001934a 4500
005 - ΗΜΕΡΟΜΗΝΙΑ ΚΑΙ ΩΡΑ ΤΕΛΕΥΤΑΙΑΣ ΕΝΗΜΕΡΩΣΗΣ
Πεδίο ελέγχου 20250605164401.0
008 - FIXED-LENGTH DATA ELEMENTS--GENERAL INFORMATION
Πεδίο ελέγχου σταθερού μήκους 250528s ||||||||||||||||||||||||d
035 ## - SYSTEM CONTROL NUMBER
System control number 24599
040 ## - ΠΗΓΗ ΚΑΤΑΛΟΓΟΓΡΑΦΗΣΗΣ
Φορέας πρωτότυπης καταλογογράφησης MC Athens Campus Library
Γλώσσα καταλογογράφησης Ελληνικά, Μοντέρνα (1453-)
Modifying agency MC Athens Campus Library
Κανόνες περιγραφικής καταλογογράφησης AACR2
245 1# - ΤΙΤΛΟΣ ΚΑΙ ΔΗΛΩΣΗ ΥΠΕΥΘΥΝΟΤΗΤΑΣ
Τίτλος Το Δικαίωμα στην Τροφή: Παγκόσμια Επισιτιστική Κρίση και Περιβάλλον / Με τη Συμβολή του
260 ## - PUBLICATION, DISTRIBUTION, ETC.
Place of publication, distribution, etc. Αθήνα
Name of publisher, distributor, etc. Καλοκάθη,
Date of publication, distribution, etc. 2009
300 ## - PHYSICAL DESCRIPTION
Extent 248
520 ## - SUMMARY, ETC.
Summary, etc. Γενικός Πρόλογος, Εισαγωγική Παρέμβαση, Εταιρική Κοινωνική Ευθύνη και Βιώσιμη Ανάπτυξη, Το Δικαίωμα στην Τροφή: Ο Ρόλος του ΟΗΕ στην Προαγωγή μιας Παγκόσμιας Στρατηγικής για την Καταπολέμηση της Πείνας και της Κακής Διατροφής, Ο Συνδυασμός Περιβαλλοντικών και Αναπτυξιακών Στόχων: Προς μια Νέα Αρχιτεκτονική στη Διεθνή Οργάνωση για την Αντιμετώπιση της Πείνας στον Κόσμο, Η Παγκόσμια Επισιτιστική Κρίση και μια Οπτική από τον Ανεπτυγμένο Βορρά, Κλιματική Αλλαγή: Επισιτιστική Κρίση και Αναπτυσσόμενος Νότος, Γυναίκες στη Φτώχεια: Η Μεγάλη Πρόκληση και Συναγερμός Ενάντια στη Πείνα, Πείνα και Υποσιτισμός και Κοινωνικές Διαστάσεις: Παιδί και Το Πρώτο Θύμα, Ενδεικτική Γενική Βιβλιογραφία.
700 1# - ΠΡΟΣΘΕΤΗ ΑΝΑΓΡΑΦΗ--ΦΥΣΙΚΟ ΠΡΟΣΩΠΟ
Personal name Τσάλτας Γρηγόρης Ι
9 (RLIN) 9490
942 ## - ADDED ENTRY ELEMENTS (KOHA)
Koha item type Books
Holdings
Τύπος τεκμηρίου Βιβλιοθήκη Τρέχουσα τοποθεσία Barcode Αριθμός εισαγωγής Ημερομηνία απόκτησης Ταξιθετικό σύμβολο Αριθμός αντιτύπου Κατάσταση απόσυρσης Κατάσταση χαμένου Κατάσταση κατεστραμμένου Μη δανεισμός Σύνολο δανεισμών Ημερομηνία τελευταίας εμφάνισης Η τιμή ισχύει από
Books MC Athens Campus Library MC Athens Campus Library 9780000094681 7747   363.8 TSA 1           05/06/2025 05/06/2025

MC Athens Campus Library
Πατησίων 94 & Κοδριγκτώνος 13, 104 34
Πελλήνης 8 & Πατησίων 107, 112 51
Τ: +30 210 8899600

MC Thessaloniki Campus Library
Ίωνος Δραγούμη 21, 54625 | Ίωνος Δραγούμη 15, 54625
Τ: +30 2310 287779 – Τ: +30 2314 440300